000 00543nam a2200157 4500
999 _c8426
_d8426
008 180205b xxu||||| |||| 00| 0 eng d
020 _a0-19-504575-0
082 _21989
_aDC 949
_bR74
100 _926095
_aRothschild, Joseph
245 _aReturn to diversity:
_ba political history of east central Europe since world war II/
_cJoseph Rothschild.
260 _aNew York:
_bOxford University Press,
_c© 1989.
300 _ax, 257 pages;
_c21 cm.
521 _aIncludes index.
650 0 _926096
_zEurope, Eastern
_xHistory
_y1945
942 _2ddc
_cDC